Normal view
MARC view
- تاليف واعداد ابراهيم، بيسم منسي
Entry Personal Name
001 - CONTROL NUMBER
- control field: 16458
003 - CONTROL NUMBER IDENTIFIER
- control field: JO-AjAnu
005 - DATE AND TIME OF LATEST TRANSACTION
- control field: 20230606072926.0
008 - FIXED-LENGTH DATA ELEMENTS
- fixed length control field: 230606|| aca||aabn | a|a d
040 ## - CATALOGING SOURCE
- Original cataloging agency: JO-AjAnu
- Transcribing agency: JO-AjAnu
100 ## - HEADING--PERSONAL NAME
- Personal name: تاليف واعداد ابراهيم، بيسم منسي
670 ## - SOURCE DATA FOUND
- Source citation: Work cat.: (JO-AjAnu)8453: تاليف واعداد ابراهيم، بيسم منسي, author, اسرائيل : مؤتمر مدريد للسلام: قيام الدولة الفسطينية والاتفاقيات : الانتفاضة وخارظة الطريق، الجزء الثالث